Endings in clinical practice effective closure in diverse settings
Includes bibliographical references and index; Neal A. Newfield, Ph.D., LICSW (Giver)
Na minha lista:
| Autor principal: | |
|---|---|
| Formato: | Livro |
| Idioma: | Undetermined |
| Publicado em: |
Chicago, Ill.
Lyceum Books
2003
|
| Assuntos: | |
| Acesso em linha: | http://lrc.tdmu.edu.vn/opac/search/detail.asp?aID=2&ID=31996 |
| Tags: |
Adicionar Tag
Sem tags, seja o primeiro a adicionar uma tag!
|
| Thư viện lưu trữ: | Trung tâm Học liệu Trường Đại học Thủ Dầu Một |
|---|
| LEADER | 01193nam a2200217Ia 4500 | ||
|---|---|---|---|
| 001 | TDMU_31996 | ||
| 008 | 210410s9999 xx 000 0 und d | ||
| 082 | |a 616.89 | ||
| 090 | |b W103 | ||
| 100 | |a Walsh, Joseph | ||
| 245 | 0 | |a Endings in clinical practice | |
| 245 | 0 | |b effective closure in diverse settings | |
| 245 | 0 | |c Joseph Walsh ; foreword by Thomas M. Meenaghan | |
| 260 | |a Chicago, Ill. | ||
| 260 | |b Lyceum Books | ||
| 260 | |c 2003 | ||
| 300 | |a xvi, 224 p. | ||
| 520 | |a Includes bibliographical references and index; Neal A. Newfield, Ph.D., LICSW (Giver) |d 2017; Overview of the endings process. Types of endings -- Importance of closure -- Tasks for ending -- Theoretical perspectives on endings. Reflective theories -- Cognitive-behavior theory -- Solution-focused and narrative theories -- Family theory -- Group interventions -- Endings across service settings. Client reactions to endings -- Practitioner reactions to endings -- Additional ending activities | ||
| 650 | |a Psychotherapy |x Termination; Tâm lý trị liệu | ||
| 856 | |u http://lrc.tdmu.edu.vn/opac/search/detail.asp?aID=2&ID=31996 | ||
| 980 | |a Trung tâm Học liệu Trường Đại học Thủ Dầu Một | ||